|
|
|
|
| LEADER |
01178nam a2200301 a 4500 |
| 001 |
39590 |
| 003 |
BD-DhAAL |
| 008 |
220928t1991 nyua 001 0 eng d |
| 999 |
|
|
|c 44927
|d 44927
|
| 010 |
|
|
|a 90033760
|
| 020 |
|
|
|a 0393310353
|
| 020 |
|
|
|a 9780393310351
|
| 040 |
|
|
|a DLC
|c DLC
|d DLC
|d BD-DhAAL
|
| 050 |
0 |
0 |
|a HD30.28
|b .D59 1991
|
| 082 |
0 |
0 |
|a 658.4012
|2 20
|
| 100 |
1 |
|
|a Dixit, Avinash K.
|9 51681
|
| 245 |
1 |
0 |
|a Thinking strategically :
|b the competitive edge in business, politics, and everyday life /
|c Avinash K. Dixit and Barry J. Nalebuff.
|
| 250 |
|
|
|a First edition
|
| 260 |
|
|
|a New York :
|b W. W. Norton,
|c c1991.
|
| 300 |
|
|
|a xi, 393 pages :
|b illustrations ;
|c 22 cm.
|
| 504 |
|
|
|a Includes bibliographical-references (pages [377]-384) and index.
|
| 541 |
|
|
|a Donated by Akbar Ali khan
|e 39590
|
| 650 |
|
0 |
|a Strategic planning.
|9 51682
|
| 650 |
|
0 |
|a Management.
|9 51683
|
| 700 |
1 |
|
|a Nalebuff, Barry,
|d 1958-
|9 51684
|
| 852 |
|
|
|a Ayesha Abed Library
|c General Stacks
|
| 942 |
|
|
|2 ddc
|c BK
|
| 952 |
|
|
|0 0
|1 0
|2 ddc
|4 0
|6 658_401200000000000_DIX
|7 1
|9 71900
|a BRACUL
|b BRACUL
|c AAKC
|d 2022-09-28
|e Donated by Akbar Ali Khan
|l 0
|o 658.4012 DIX
|p 3010039590
|r 2022-09-28
|t 1
|w 2022-09-28
|y BK
|